| 000 -LEADER |
| fixed length control field |
02014nam a2200277 a 4500 |
| 001 - CONTROL NUMBER |
| control field |
ASIN0300024940 |
| 005 - DATE AND TIME OF LATEST TRANSACTION |
| control field |
20170105102931.0 |
| 008 - FIXED-LENGTH DATA ELEMENTS--GENERAL INFORMATION |
| fixed length control field |
140410s1977 xxu eng d |
| 020 ## - INTERNATIONAL STANDARD BOOK NUMBER |
| International Standard Book Number |
0300024940 (paperback) |
| Terms of availability |
$26.00 |
| 020 ## - INTERNATIONAL STANDARD BOOK NUMBER |
| International Standard Book Number |
9780300024944 (paperback) |
| 040 ## - CATALOGING SOURCE |
| Original cataloging agency |
0 |
| 050 04 - LIBRARY OF CONGRESS CALL NUMBER |
| Classification number |
JC421 |
| 082 04 - DEWEY DECIMAL CLASSIFICATION NUMBER |
| Classification number |
321.8 |
| Author Mark |
LIJ 1977 |
| 100 1# - MAIN ENTRY--PERSONAL NAME |
| Personal name |
Lijphart, Arend. |
| 245 10 - TITLE STATEMENT |
| Title |
Democracy in plural societies : |
| Remainder of title |
a comparative exploration / |
| Statement of responsibility, etc. |
Arend Lijphart. |
| 260 ## - PUBLICATION, DISTRIBUTION, ETC. |
| Place of publication, distribution, etc. |
[S.l.] : |
| Name of publisher, distributor, etc. |
Yale University Press, |
| Date of publication, distribution, etc. |
1977. |
| 300 ## - PHYSICAL DESCRIPTION |
| Extent |
248 p. ; |
| Dimensions |
21 cm. |
| 520 ## - SUMMARY, ETC. |
| Summary, etc. |
While it may be difficult to achieve and maintain stable democratic governments in countries with deep religious, ideological, linguistic, cultural, or ethnic cleavages, Lijphart argues that it is not at all impossible. Through the analysis of political systems in six continents, he demonstrates that what he calls consociational democracy can be successful in severely divided or plural societies. "Here, once again, Arend Lijphart is directing our attention to matters which will surely engage much of the attention of students of comparative politics in the next decade." G. Bingham Powell, Jr., American Political Science Review "A study which can speak to such a wide audience in political science deserves a warm welcome from the profession." Government and Opposition "A copybook example of the comparative method of political analysis, as well as indispensable reading for all who have an interest in the nature and prospects of representative democracy, whether in Europe or beyond."-The Times Higher Education Supplement "This well-written work, containing a wealth of information on politics of many diverse nations, is highly recommended."-Library Journal. |
| 650 #0 - SUBJECT ADDED ENTRY--TOPICAL TERM |
| Topical term or geographic name entry element |
Comparative government |
| 650 #0 - SUBJECT ADDED ENTRY--TOPICAL TERM |
| Topical term or geographic name entry element |
Cultural pluralism |
| 650 #0 - SUBJECT ADDED ENTRY--TOPICAL TERM |
| Topical term or geographic name entry element |
Democracy |
| 650 #0 - SUBJECT ADDED ENTRY--TOPICAL TERM |
| Topical term or geographic name entry element |
Developing countries |
| 650 #0 - SUBJECT ADDED ENTRY--TOPICAL TERM |
| Topical term or geographic name entry element |
Political science |
| 856 40 - ELECTRONIC LOCATION AND ACCESS |
| Materials specified |
Amazon.com |
| Uniform Resource Identifier |
<a href="http://www.amazon.com/exec/obidos/ASIN/0300024940/chopaconline-20">http://www.amazon.com/exec/obidos/ASIN/0300024940/chopaconline-20</a> |
| 942 ## - ADDED ENTRY ELEMENTS (KOHA) |
| Source of classification or shelving scheme |
|
| Koha item type |
Book |